| 000 | 00848cam a2200241 4500 | ||
|---|---|---|---|
| 001 | X113637 | ||
| 008 | 010712n2001 000 0 eng u | ||
| 035 | _a(Sirsi) u113637 | ||
| 100 | _aHume, I. | ||
| 110 |
_aIHBC Technical Sub-Committee _94090 |
||
| 245 | _aFloor loadings in historic buildings | ||
| 260 | _c2001 | ||
| 490 |
_aContext _v(70) June 2001, 25-26(2) |
||
| 520 | _aObserves that by considering the likely floor loadings of a change of use unnecessary alterations to historic buildings and the associated costs can be avoided. | ||
| 650 | _aALTERATIONS | ||
| 650 | _aBRITISH STANDARD CODE OF PRACTICE FOR LOADING | ||
| 650 | _aBRITISH STANDARDS | ||
| 650 | _aBUILT ENVIRONMENT-BUILDING COSTS | ||
| 650 | _aFLOOR LOADINGS | ||
| 650 | _aHISTORIC BUILDINGS | ||
| 690 | _aBUILT ENVIRONMENT-CONSTRUCTION DESIGN | ||
| 942 | _n0 | ||
| 999 |
_c67712 _d67712 |
||